Obálka Náhled e-knihy:
PDF Epub
Pro půjčování e-knih musíte být přihlášeni.
Jak si půjčit online?

Štěstí /

Gracelyn Glockové je něco přes čtyřicet a žije si podle svého. Nemá manžela ani úspory a od té doby, co sama sobě vyhlásila zákaz mužů, už si ani nemusí holit celé nohy.Po tragické nehodě se Gracelyn ujímá svého desetiletého synovce Gabea. Přestěhuje se kvůli němu do San Diega, kde si pronajme dům n...

Celý popis

Uloženo v:
Série:Transcendence, část 3
Hlavní autor: Ann, Jewel E. (Autor)
Médium: E-kniha
Jazyk:Czech
Vydáno: Praha : DOBROVSKÝ s.r.o., 2024
Příbuzné jednotky:Z cyklu:: Transcendence
Tagy:
Žádné tagy
LEADER 02058nam a22002417i 4500
001 312596
007 ta
008 260601s2024 xr ||||| |||| 00| 0 cze d
020 |a 9990004164918 
044 |a xr 
100 1 |a  Ann, Jewel E.  |4 aut 
245 1 0 |a Štěstí /  |c  Ann, Jewel E. 
264 1 |a Praha :  |b DOBROVSKÝ s.r.o.,  |c 2024 
300 |a 1 online zdroj (416 stran) 
336 |a text  |b txt  |2 rdacontent 
337 |a bez média  |b n  |2 rdamedia 
338 |a online zdroj  |b cr  |2 rdacarrier 
520 2 |a Gracelyn Glockové je něco přes čtyřicet a žije si podle svého. Nemá manžela ani úspory a od té doby, co sama sobě vyhlásila zákaz mužů, už si ani nemusí holit celé nohy.Po tragické nehodě se Gracelyn ujímá svého desetiletého synovce Gabea. Přestěhuje se kvůli němu do San Diega, kde si pronajme dům na pláži, a brzo se dozvídá, že jejich sousedy budou celé léto sexy profesor anatomie s desetiletou dcerou Morgan.Profesor Nathaniel Hunt strávil posledních deset let jako single táta… a bez sexu. Když jednoho dne zjistí, že Gracelyn každý den absolvuje podivný svlékací rituál, do jeho jinak velmi odpovědné mysli se začne vkrádat milion neslušných myšlenek. Gracelyn zase díky okouzlujícímu Nateovi začne přemýšlet o starých ztrátách, které jí brání naplno prožívat přítomnost.Až dozní uloupené polibky, poruší se pochybné zákazy a nastane konec léta, dokážou si v srdci zachovat naději? Nebo se jejich rozloučením nit šťastných náhod nadobro zpřetrhá? 
787 0 8 |g 3  |i Z cyklu:  |t Transcendence 
910 |a RBIT002 
998 |d 416491  |a https://core.palmknihy.cz/api/books/416491/cover?so9rd1  |b https://core.palmknihy.cz/api/books/416491/cover/400?so9rd1  |c https://core.palmknihy.cz/api/books/416491/cover/50?so9rd1  |e 2027-09-20  |g 416  |i 9990004164918  |j https://core.palmknihy.cz/api/books/416491/preview.epub  |k https://core.palmknihy.cz/api/books/416491/preview.pdf  |l   |q 49  |r 1  |s https://www.palmknihy.cz/kniha/416491  |t ebook  |y 2024  |z 1  |v Transcendence  |w 3 
999 |d 312594